| 000 | 00872nam a2200229 u 4500 | ||
|---|---|---|---|
| 001 | 000507321 | ||
| 003 | AM-YeHGA | ||
| 005 | 20250618072707.0 | ||
| 008 | 061106s1952 ai r 000 0 arm d | ||
| 040 | _aAM-YeHGA | ||
| 041 | 0 | _aarm | |
| 100 | 1 |
_aՀակոբյան, Պիոն Հովսեփի, _d1926-2000 _91206 |
|
| 245 | 1 | 0 |
_aԽաչատուր Աբովյանը և ռուսական առաջավոր կուլտուրան / _cՊ. Հակոբյան. |
| 260 |
_aԵրևան : _bՀՍՍՌ ԳԱ, _c1952. |
||
| 300 | _a[14] էջ. | ||
| 500 | _aԱռանձնատիպ. ՀՍՍՌ ԳԱ 1952 թ. № 5 «Տեղեկագիր»-ից, էջ՝ 31-44 | ||
| 504 | _aՄատենագիտ. տողատակում | ||
| 600 | 1 | 4 |
_aԱբովյան, Խաչատուր Ավետիքի, _d1809-1848 _991 |
| 650 | 1 | 4 |
_aՀայ գրականագիտություն _94862 |
| 942 |
_2udc _cBK |
||
| 090 | _c189743 | ||
| 999 |
_c188276 _d188276 |
||